A comparative exploration of celebrity chef influence on millennials / (Record no. 18329)
[ view plain ]
| 000 -LEADER | |
|---|---|
| fixed length control field | 01072nam a22002537a 4500 |
| 003 - CONTROL NUMBER IDENTIFIER | |
| control field | OSt |
| 005 - DATE AND TIME OF LATEST TRANSACTION | |
| control field | 20250905111907.0 |
| 008 - FIXED-LENGTH DATA ELEMENTS--GENERAL INFORMATION | |
| fixed length control field | 231010b ||||| |||| 00| 0 eng d |
| 040 ## - CATALOGING SOURCE | |
| Transcribing agency | 0 |
| 082 ## - DEWEY DECIMAL CLASSIFICATION NUMBER | |
| Classification number | DPer 647.95 J826 January-December 2020 v. 23 n. 1-6 |
| 100 ## - MAIN ENTRY--PERSONAL NAME | |
| Personal name | Cifelli, Briana. |
| Relator term | author. |
| 9 (RLIN) | 49573 |
| 245 ## - TITLE STATEMENT | |
| Title | A comparative exploration of celebrity chef influence on millennials / |
| Statement of responsibility, etc. | Briana Cifelli, Jill Kurp (Maher). Theresa B. Clarke, and Irvine Clarke III. |
| 260 ## - PUBLICATION, DISTRIBUTION, ETC. (IMPRINT) | |
| Place of publication, distribution, etc. | USA ; |
| Name of publisher, distributor, etc. | Taylor & Francis Group , |
| Date of publication, distribution, etc. | September-October 2020. |
| 300 ## - PHYSICAL DESCRIPTION | |
| Extent | Volume 23, pages 442-470 : |
| Other physical details | illustration ; |
| Dimensions | 26 cm. |
| 500 ## - GENERAL NOTE | |
| General note | Journal of Food Service Business Research, vol. 23, no. 5, pages 442-470, September-October 2020. |
| 650 ## - SUBJECT ADDED ENTRY--TOPICAL TERM | |
| Topical term or geographic name as entry element | Food service. |
| 9 (RLIN) | 49574 |
| 650 #0 - SUBJECT ADDED ENTRY--TOPICAL TERM | |
| Topical term or geographic name as entry element | Celebrity chefs. |
| 9 (RLIN) | 67128 |
| 650 #0 - SUBJECT ADDED ENTRY--TOPICAL TERM | |
| Topical term or geographic name as entry element | Corporate social responsibility. |
| 9 (RLIN) | 64783 |
| 700 ## - ADDED ENTRY--PERSONAL NAME | |
| Personal name | Cifelli, Briana. |
| Relator term | author. |
| 9 (RLIN) | 49573 |
| 700 ## - ADDED ENTRY--PERSONAL NAME | |
| Personal name | Kurp (Maher), Jill. |
| Relator term | author. |
| 9 (RLIN) | 49575 |
| 700 ## - ADDED ENTRY--PERSONAL NAME | |
| Personal name | Clarke, Theresa B. |
| Relator term | author. |
| 9 (RLIN) | 49576 |
| 700 ## - ADDED ENTRY--PERSONAL NAME | |
| Personal name | Clarke III, Irvine. |
| Relator term | author. |
| 9 (RLIN) | 49577 |
| 942 ## - ADDED ENTRY ELEMENTS (KOHA) | |
| Source of classification or shelving scheme | Dewey Decimal Classification |
| Koha item type | Periodicals |
| Withdrawn status | Lost status | Source of classification or shelving scheme | Damaged status | Not for loan | Collection code | Home library | Current library | Date acquired | Total Checkouts | Full call number | Date last seen | Price effective from | Koha item type | Public note |
|---|---|---|---|---|---|---|---|---|---|---|---|---|---|---|
| Dewey Decimal Classification | Periodicals | UM Digos College - LIC | UM Digos College - LIC | 10/10/2023 | DPer 647.95 J826 January-December 2020 v. 23 n. 1-6 | 10/10/2023 | 10/10/2023 | Periodicals | Periodical Article |
